Spoznajme minulosť nášho mesta budova starej pošty

Podrobná bibliografia
Hlavní autori: Szabó, Ladislav (Autor), Matkovčíková, Anna (Autor)
Médium: Článok
Jazyk:slovenčina
Fyzický popis:Fotogr.
Predmet:

MARC

LEADER 00000nab a2200000 a 4500
001 vtls009190582
003 SK-MaSNL
005 20260303060152.0
008 080311 2008 xo w p| | |00 0 slo
038 |a NZKAB 
040 |a NZKAB  |b slo  |c NZKAB  |e AACR2 
041 0 |a slo 
044 |a xo  |c SK 
080 |a 943.76  |x (437.614)  |2 1997 
100 1 |a Szabó, Ladislav,  |4 aut  |9 335792 
245 1 0 |a Spoznajme minulosť nášho mesta  |b budova starej pošty  |c Ladislav Szabó 
300 |b Fotogr. 
648 7 |a 1910  |2 nzkab  |9 378835 
650 0 7 |a historické budovy  |x dejiny  |x spomienky  |x fotografie  |2 nzkab  |9 1052579 
650 0 7 |a budova starej pošty (Nové Zámky, Slovensko)  |2 nzkab  |9 1052580 
651 7 |a Nové Zámky (Slovensko)  |2 nzkab  |9 15884 
700 1 |a Matkovčíková, Anna,  |4 aut  |9 1032634 
773 0 |t Castrum Novum  |g Roč. XVIII. , č. 11 (2008), s. 8 
852 |a NZKAB  |b KIS3GCP 
958 |a RG 
999 |c 1730405  |d 1732335